| 000 | 01324nam a22002297a 4500 | ||
|---|---|---|---|
| 001 | 9457 | ||
| 003 | FISKH | ||
| 005 | 20260113094344.0 | ||
| 008 | 260113b cb ||||| |||| 00| 0 eng d | ||
| 020 | _a9780008159955 | ||
| 040 |
_aFISKH _beng _cFISKH _dFISKH |
||
| 082 | _a510.76 | ||
| 100 | _aWrangles , Paul | ||
| 245 |
_aCollins International Primary Maths Workbook 4 / _cBy Paul Wrangles |
||
| 260 |
_aCollins : _bLondon , _c2016 . |
||
| 300 |
_a 254 pages : _billustrations ; _c27 cm . |
||
| 490 | _aCollins International Primary Maths | ||
| 520 | _aCollins International Primary Maths supports best practice in primary maths teaching, whilst encouraging teacher professionalism and autonomy. A wealth of supporting digital assets are provided for every lesson, including slideshows, animations, tools and games to ensure they are rich, lively and engaging. Each Workbook page has three levels of challenge which allow learners to practise and consolidate their newly acquired knowledge, skills and understanding of the mathematics they are learning. Provides support as part of a set of resources for the Cambridge Primary curriculum framework from 2011. This title is endorsed by Cambridge Assessment International Education. | ||
| 700 |
_aClissold ,Caroline _eAuthor |
||
| 942 |
_2ddc _cBK _n0 |
||
| 999 |
_c9457 _d9457 |
||